| 000 -LEADER |
| fixed length control field |
00544nam a22001937a 4500 |
| 008 - FIXED-LENGTH DATA ELEMENTS--GENERAL INFORMATION |
| fixed length control field |
131031b xxu||||| |||| 00| 0 alb d |
| 020 ## - INTERNATIONAL STANDARD BOOK NUMBER |
| International Standard Book Number |
9789928105042 |
| 041 0# - LANGUAGE CODE |
| Language code of text/sound track or separate title |
alb |
| 080 ## - UNIVERSAL DECIMAL CLASSIFICATION NUMBER |
| Universal Decimal Classification number |
33 |
| Common auxiliary subdivision |
(=18)(092) |
| 100 1# - Rafti |
| Rafti |
Misja, Vladimir |
| 100 1# - Rafti |
| -- |
1865-1948 |
| 245 10 - TITLE STATEMENT |
| Title |
Prtrete të ekonomistëve shqiptarë në vite / |
| Statement of responsibility, etc |
Vladimir Misja |
| 260 ## - |
| -- |
Tiranë : |
| -- |
GEER ; |
| -- |
2010. |
| 300 ## - |
| -- |
483 f. : |
| -- |
me il. ; |
| -- |
24 cm. |
| 500 ## - |
| -- |
Parathënie : f. 3-4 |
| 505 ## - |
| -- |
Literatura : f. 469-472 |
| 650 ## - |
| -- |
Portretet |
| 650 ## - |
| -- |
Ekonomia |
| 942 ## - ADDED ENTRY ELEMENTS (KOHA) |
| Source of classification or shelving scheme |
|
| Item type |
Books |